The Person and the Challenges. The Journal of Theology, Education, Canon Law and Social Studies Inspired by Pope John Paul II | The Pontifical University of John Paul II in Krakow Press

Bibliografske podrobnosti
Format: Elektronski Revija
Jezik:English
Izdano: Cambridge University Press
Online dostop:Full text available on Research4Life (HINARI,AGORA,OARE,ARDI & GOALI)
LEADER 00913cas a2200181 a 4500
001 AALejournalResearch4Life009653
008 240902c9999 xx r poo 0 0eng d
022 |a 20838018 
022 |a 23916559 
040 |a BD-DhAAL  |c BD-DhAAL 
245 0 0 |h [electronic resource]  |a The Person and the Challenges. The Journal of Theology, Education, Canon Law and Social Studies Inspired by Pope John Paul II | The Pontifical University of John Paul II in Krakow Press 
260 |b Cambridge University Press 
300 |a 1 online resource 
362 0 |a 2012 - current issue 
500 |a <strong>On-Campus Access Only (IP based access)</strong> 
506 |a Electronic access restricted to authorized BRAC University faculty, staff and students 
538 |a Mode of access: Internet 
856 4 0 |z Full text available on Research4Life (HINARI,AGORA,OARE,ARDI & GOALI)  |u http://czasopisma.upjp2.edu.pl/thepersonandthechallenges/index